| 000 | 00604nam a22001817a 4500 | ||
|---|---|---|---|
| 003 | DO-SdBNP | ||
| 005 | 20171129153405.0 | ||
| 008 | 171116b 1973 sp ||||| |||| 00| 0 spa d | ||
| 040 |
_aBPMSU _bspa _cBPMSU |
||
| 092 |
_axxxx _bxxxx |
||
| 100 | 1 | _aMariotti, Federico A. P. | |
| 245 | 1 | 0 |
_aEl supremo renacimiento : _bemocionantes experiencias de un viaje maravilloso / _cFederico A. P. Mariotti. |
| 260 |
_aBarcelona : _bMundo Hispano, _c1973. |
||
| 300 |
_a255 p. : _bil. ; _c21 cm. |
||
| 942 |
_2ddc _cBK |
||
| 945 | _aInventariado extranjero / 2017 BT | ||
| 956 |
_aLOPEREZ _b10 _c20171116 _h0041 |
||
| 999 |
_c12921 _d12921 |
||